00344 2200145 4500001002100000005001500021035002000036245004200056100002000098300001200118260003400130082000800164084001400172990001200186INLIS00000000000190320250520093229 a0010-05250001951 aLegenda Keong Emas /cTira Ikranegara0 aTira Ikranegara a128 hlm aSurabaya :bSerba Jaya,c2017 a813 a813 TIR l a0754785